000 00870nam a22002177a 4500
005 20240530110535.0
008 160329s2013 ua a g b 000 0 ara d
017 _a2013/2751
_bمصر . دار الكتب المصرية
020 _a9789773011925
040 _aEG-CaGPL
082 0 4 _221
_a327.6205
_bق/ع م
100 0 _aعلى سيد النقر
245 1 0 _aمصر و النمور الاسيوية /
_cعلى سيد النقر
260 _aالقاهرة :
_bهبة النيل العربية للنشر و التوزيع ،
_c2013 .
300 _a230 ص :
_bايض ؛
_c24 سم .
504 _aيشتمل على ارجاعات ببليوجرافية
651 0 4 _aمصر
_xالعلاقات الخارجية
_zالصين
651 0 4 _aالصين
_xالعلاقات الخارجية
_zمصر
942 _2ddc
_cBK
999 _c62165
_d62165